<?xml version="1.0" encoding="UTF-8"?><record xmlns="http://www.loc.gov/MARC21/slim" xmlns:zs="http://docs.oasis-open.org/ns/search-ws/sruResponse">
  <leader>03843nem a22004573i 4500</leader>
  <controlfield tag="001">22132309</controlfield>
  <controlfield tag="005">20250607110303.0</controlfield>
  <controlfield tag="006">m    |o  c |      </controlfield>
  <controlfield tag="007">cr |||||||||||</controlfield>
  <controlfield tag="008">210708m15361564xx |||||| a  |o |   lat  </controlfield>
  <datafield ind1=" " ind2=" " tag="035">
    <subfield code="a">22132309</subfield>
  </datafield>
  <datafield ind1=" " ind2=" " tag="906">
    <subfield code="a">0</subfield>
    <subfield code="b">ibc</subfield>
    <subfield code="c">orignew</subfield>
    <subfield code="d">u</subfield>
    <subfield code="e">ncip</subfield>
    <subfield code="f">20</subfield>
    <subfield code="g">y-gencatlg</subfield>
  </datafield>
  <datafield ind1=" " ind2=" " tag="955">
    <subfield code="a">LCAP batch update 2025-06-02-04:00: LCAPM-816</subfield>
  </datafield>
  <datafield ind1=" " ind2=" " tag="010">
    <subfield code="a">  2021668747</subfield>
  </datafield>
  <datafield ind1=" " ind2=" " tag="035">
    <subfield code="a">(WDL)19478</subfield>
  </datafield>
  <datafield ind1=" " ind2=" " tag="040">
    <subfield code="a">DLC</subfield>
    <subfield code="b">eng</subfield>
    <subfield code="c">DLC</subfield>
  </datafield>
  <datafield ind1=" " ind2=" " tag="041">
    <subfield code="a">lat</subfield>
  </datafield>
  <datafield ind1=" " ind2=" " tag="080">
    <subfield code="a">912</subfield>
  </datafield>
  <datafield ind1=" " ind2=" " tag="080">
    <subfield code="a">940</subfield>
  </datafield>
  <datafield ind1="0" ind2="0" tag="245">
    <subfield code="a">Portolan Atlas of Battista Agnese.</subfield>
  </datafield>
  <datafield ind1="3" ind2="1" tag="246">
    <subfield code="a">Portolano</subfield>
  </datafield>
  <datafield ind1=" " ind2=" " tag="260">
    <subfield code="a">[place of publication not identified] :</subfield>
    <subfield code="b">[publisher not identified],</subfield>
    <subfield code="c">[1536 to 1564]</subfield>
  </datafield>
  <datafield ind1=" " ind2=" " tag="300">
    <subfield code="a">1 online resource.</subfield>
  </datafield>
  <datafield ind1=" " ind2=" " tag="336">
    <subfield code="a">cartographic image</subfield>
    <subfield code="b">cri</subfield>
    <subfield code="2">rdacontent</subfield>
  </datafield>
  <datafield ind1=" " ind2=" " tag="337">
    <subfield code="a">computer</subfield>
    <subfield code="b">c</subfield>
    <subfield code="2">rdamedia</subfield>
  </datafield>
  <datafield ind1=" " ind2=" " tag="338">
    <subfield code="a">online resource</subfield>
    <subfield code="b">cr</subfield>
    <subfield code="2">rdacarrier</subfield>
  </datafield>
  <datafield ind1=" " ind2=" " tag="500">
    <subfield code="a">Title devised, in English, by Library staff.</subfield>
  </datafield>
  <datafield ind1=" " ind2=" " tag="500">
    <subfield code="a">Original resource extent: 15 folios (12 maps) : parchment ; 20.6 x 13.8 centimeters.</subfield>
  </datafield>
  <datafield ind1="4" ind2=" " tag="510">
    <subfield code="a">Reference extracted from World Digital Library: Maria Rosaria Manunta, "Schede," in Biblioteca Reale Torino, edited by Giovanna Giacobello Bernard (Florence: Nardini, 1990).</subfield>
  </datafield>
  <datafield ind1=" " ind2=" " tag="520">
    <subfield code="a">This portolan atlas is attributed to Battista Agnese (1514-64), one of the most important Italian Renaissance cartographers. Of Genoese origin, Agnese was active in Venice from 1536 until his death. He is likely to have directed a full-fledged printing house where his maps were made. He produced approximately 100 manuscript atlases, of which more than 70 still exist, either with his signature or attributed to his studio. Considered works of art for their high quality and beauty, the atlases are mostly portolan, or nautical, atlases printed on vellum for high-ranking officials or wealthy merchants rather than for use at sea. The atlas presented here contains declination tables, an armillary sphere, the zodiac, and maps showing: the east and west coasts of North America; the Atlantic Ocean and west from Arabia to a speculatively shaped east coast of South America; the region from Africa to Southeast Asia; Western Europe; Spain and North Africa; the Mediterranean (several maps); the Black Sea; and the region around Greece and present-day Turkey. Common to most Agnese atlases and present here as well is an oval mappa mundi with cherubs, or wind heads, in blue and gold clouds, which represent the classical 12 wind points out of which evolved the modern compass points. This manuscript was made for Cardinal Guido Ascanio Sforza di Santa Fiora (1518-64), whose coat of arms is found on folio 1 recto. The binding has a small compass covered by a glass disc embedded in the pastedown. The way in which the known world is represented as an oval projection with equidistant parallels came into common use later on, mainly thanks to the Piedmontese cartographer, engineer, and astronomer Giacomo Gastaldi (circa 1500--circa 1565) and the Flemish cartographer Gerardus Mercator (1512--94). The atlas belonged to Victor Emmanuel II, king of Sardinia from 1849 to 1861 and the first king of united Italy from 1861 until his death in 1878.</subfield>
  </datafield>
  <datafield ind1="1" ind2=" " tag="535">
    <subfield code="3">Original resource at:</subfield>
    <subfield code="a">Royal Library of Turin.</subfield>
  </datafield>
  <datafield ind1=" " ind2=" " tag="546">
    <subfield code="a">Content in Latin.</subfield>
  </datafield>
  <datafield ind1="0" ind2=" " tag="588">
    <subfield code="a">Description based on data extracted from World Digital Library, which may be extracted from partner institutions.</subfield>
  </datafield>
  <datafield ind1=" " ind2="0" tag="653">
    <subfield code="a">1536 to 1564</subfield>
  </datafield>
  <datafield ind1=" " ind2="0" tag="653">
    <subfield code="a">Coastlines</subfield>
    <subfield code="a">Discoveries in geography</subfield>
    <subfield code="a">Mappae mundi</subfield>
    <subfield code="a">Portolan charts</subfield>
  </datafield>
  <datafield ind1=" " ind2=" " tag="720">
    <subfield code="a">Agnese, Battista, 1514-1564</subfield>
    <subfield code="e">Cartographer.</subfield>
  </datafield>
  <datafield ind1=" " ind2=" " tag="720">
    <subfield code="a">Sforza di Santa Fiora, Guido Ascanio, 1518-1564</subfield>
    <subfield code="e">Patron.</subfield>
  </datafield>
  <datafield ind1=" " ind2=" " tag="720">
    <subfield code="a">Victor Emmanuel II, King of Italy, 1820-1878</subfield>
    <subfield code="e">Owner.</subfield>
  </datafield>
  <datafield ind1="4" ind2="0" tag="856">
    <subfield code="d">gdcwdl</subfield>
    <subfield code="f">wdl_19478</subfield>
    <subfield code="u">https://hdl.loc.gov/loc.wdl/wdl.19478</subfield>
  </datafield>
  <datafield ind1=" " ind2=" " tag="985">
    <subfield code="a">wdl/wdlpartner/wdltorino</subfield>
  </datafield>
  <datafield ind1=" " ind2=" " tag="991">
    <subfield code="b">s-Online</subfield>
    <subfield code="h">Electronic Resource</subfield>
  </datafield>
</record>
